MARC details
| 000 -LEADER |
| fixed length control field |
02699nam a2200349 a 4500 |
| 008 - FIXED-LENGTH DATA ELEMENTS--GENERAL INFORMATION |
| fixed length control field |
110907s2004 ||||||||||||||||| || u |
| 020 ## - INTERNATIONAL STANDARD BOOK NUMBER |
| International Standard Book Number |
0071417435 |
| 050 ## - LIBRARY OF CONGRESS CALL NUMBER |
| Classification number |
RC 71 Cur |
| 100 ## - MAIN ENTRY--PERSONAL NAME |
| Personal name |
Papadakis, Maxine A |
| 245 10 - TITLE STATEMENT |
| Title |
Current medical diagnosis & treatment.-- 43rd ed. |
| Statement of responsibility, etc. |
edited by Lawrence M. Tierney, Stephen J. McPhee; Maxine A. Papadakis |
| 246 ## - |
| -- |
Current medical diagnosis and treatment |
| 250 ## - EDITION STATEMENT |
| Edition statement |
43rd ed. |
| 260 ## - PUBLICATION, DISTRIBUTION, ETC. |
| Place of publication, distribution, etc. |
New York |
| Name of publisher, distributor, etc. |
Lange Medical Books/McGraw-Hill |
| Date of publication, distribution, etc. |
2004 |
| 300 ## - PHYSICAL DESCRIPTION |
| Extent |
xx, 1864p.: ill. |
| 350 ## - |
| -- |
0.00 |
| 500 ## - GENERAL NOTE |
| General note |
Also known as: CMDT |
| 650 ## - SUBJECT ADDED ENTRY--TOPICAL TERM |
| Topical term or geographic name entry element |
DIAGNOSIS |
| 650 ## - SUBJECT ADDED ENTRY--TOPICAL TERM |
| Topical term or geographic name entry element |
DIAGNOSIS--PERIODICALS |
| 650 ## - SUBJECT ADDED ENTRY--TOPICAL TERM |
| Topical term or geographic name entry element |
THERAPEUTICS--PERIODICALS |
| 700 ## - ADDED ENTRY--PERSONAL NAME |
| Personal name |
McPhee, Stephen J |
| 700 ## - ADDED ENTRY--PERSONAL NAME |
| Personal name |
Tierney, Lawrence M |
| 995 ## - |
| -- |
MEDICAL LIBRARY OPEN ACCESS |
| -- |
0.00 |
| -- |
900417 |
| -- |
CBU-SCHOOL OF MEDICINE LIBRARY (Ndola) |
| -- |
1 |
| -- |
0.00 |
| -- |
RC 71 CUR |
| -- |
3 |
| -- |
AVAILABLE |
| -- |
Nov 28, 2011 |
| -- |
900417 |
| -- |
Medical Library Open Access Collection |
| 995 ## - |
| -- |
MEDICAL LIBRARY OPEN ACCESS |
| -- |
0.00 |
| -- |
900416 |
| -- |
CBU-SCHOOL OF MEDICINE LIBRARY (Ndola) |
| -- |
1 |
| -- |
0.00 |
| -- |
RC 71 CUR |
| -- |
2 |
| -- |
AVAILABLE |
| -- |
Nov 28, 2011 |
| -- |
900416 |
| -- |
Medical Library Open Access Collection |
| 995 ## - |
| -- |
MICHAEL CHILUFYA SATA OPEN ACCESS |
| -- |
0.00 |
| -- |
900421 |
| -- |
CBU-SCHOOL OF MEDICINE LIBRARY (Ndola) |
| -- |
1 |
| -- |
0.00 |
| -- |
RC 71 CUR |
| -- |
7 |
| -- |
AVAILABLE |
| -- |
Nov 28, 2011 |
| -- |
900421 |
| -- |
Medical Library Open Access Collection |
| 995 ## - |
| -- |
MEDICAL LIBRARY OPEN ACCESS |
| -- |
0.00 |
| -- |
900423 |
| -- |
CBU-SCHOOL OF MEDICINE LIBRARY (Ndola) |
| -- |
1 |
| -- |
0.00 |
| -- |
RC 71 CUR |
| -- |
9 |
| -- |
AVAILABLE |
| -- |
Nov 28, 2011 |
| -- |
900423 |
| -- |
Medical Library Open Access Collection |
| 995 ## - |
| -- |
MEDICAL LIBRARY OPEN ACCESS |
| -- |
0.00 |
| -- |
900419 |
| -- |
CBU-SCHOOL OF MEDICINE LIBRARY (Ndola) |
| -- |
1 |
| -- |
0.00 |
| -- |
RC 71 CUR |
| -- |
5 |
| -- |
AVAILABLE |
| -- |
Nov 28, 2011 |
| -- |
900419 |
| -- |
Medical Library Open Access Collection |
| 995 ## - |
| -- |
MEDICAL LIBRARY OPEN ACCESS |
| -- |
0.00 |
| -- |
900418 |
| -- |
CBU-SCHOOL OF MEDICINE LIBRARY (Ndola) |
| -- |
1 |
| -- |
0.00 |
| -- |
RC 71 CUR |
| -- |
4 |
| -- |
AVAILABLE |
| -- |
Nov 28, 2011 |
| -- |
900418 |
| -- |
Medical Library Open Access Collection |
| 995 ## - |
| -- |
MEDICAL LIBRARY OPEN ACCESS |
| -- |
0.00 |
| -- |
900420 |
| -- |
CBU-SCHOOL OF MEDICINE LIBRARY (Ndola) |
| -- |
1 |
| -- |
0.00 |
| -- |
RC 71 CUR |
| -- |
6 |
| -- |
AVAILABLE |
| -- |
Nov 28, 2011 |
| -- |
900420 |
| -- |
Medical Library Open Access Collection |
| 995 ## - |
| -- |
MICHAEL CHILUFYA SATA OPEN ACCESS |
| -- |
0.00 |
| -- |
900424 |
| -- |
CBU-SCHOOL OF MEDICINE LIBRARY (Ndola) |
| -- |
1 |
| -- |
0.00 |
| -- |
RC 71 CUR |
| -- |
10 |
| -- |
AVAILABLE |
| -- |
Nov 28, 2011 |
| -- |
900424 |
| -- |
Medical Library Open Access Collection |
| 995 ## - |
| -- |
MEDICAL LIBRARY OPEN ACCESS |
| -- |
0.00 |
| -- |
900415 |
| -- |
CBU-SCHOOL OF MEDICINE LIBRARY (Ndola) |
| -- |
1 |
| -- |
0.00 |
| -- |
RC 71 CUR |
| -- |
1 |
| -- |
AVAILABLE |
| -- |
Nov 28, 2011 |
| -- |
900415 |
| -- |
Medical Library Open Access Collection |
| 995 ## - |
| -- |
MEDICAL LIBRARY OPEN ACCESS |
| -- |
0.00 |
| -- |
900422 |
| -- |
CBU-SCHOOL OF MEDICINE LIBRARY (Ndola) |
| -- |
1 |
| -- |
0.00 |
| -- |
RC 71 CUR |
| -- |
8 |
| -- |
AVAILABLE |
| -- |
Nov 28, 2011 |
| -- |
900422 |
| -- |
Medical Library Open Access Collection |
| 999 ## - |
| -- |
63767 |
| -- |
63767 |